000 00774nam a2200193Ia 4500
008 151119s9999||||xx |||||||||||||| ||und||
082 _a922.945
082 _bGKKV10041
100 _aइनामदार रघुनाथ
245 _aश्रीगजानन महाराज यांची प्रवचने
260 _aपुणे
260 _bमेहता पब्लीशिग हाउस
260 _c0
600 _aइनामदार रघुनाथ
630 _aश्रीगजानन महाराज यांची प्रवचने
700 _aइनामदार रघुनाथ
730 _aश्रीगजानन महाराज यांची प्रवचने
942 _cBOOK
999 _c1064231
_d1064228